[Event "FTX Crypto Cup Prelim"]
[Site "chess24.com INT"]
[Date "2021.05.23"]
[Round "5.3"]
[White "Nepomniachtchi, Ian"]
[Black "Svidler, Peter"]
[Result "1/2-1/2"]
[WhiteTitle "GM"]
[BlackTitle "GM"]
[WhiteElo "2792"]
[BlackElo "2714"]
[WhiteFideId "4168119"]
[BlackFideId "4102142"]
[EventDate "2021.05.23"]

1. Nf3 Nf6 2. c4 g6 3. Nc3 d5 4. cxd5 Nxd5 5. h4 h6 6. e4 Nxc3 7. dxc3 Qxd1+ 8.
Kxd1 Nd7 9. Bf4 c6 10. Kc2 a5 11. a4 Nc5 12. Nd2 h5 13. Be3 e5 14. f3 f6 15. Bc4
Ne6 16. Nb3 Bd6 17. Rad1 Ke7 18. Rd2 Bc7 19. Rhd1 b6 20. g3 Rd8 21. Rxd8 Nxd8
22. Nd2 Nb7 23. Be2 Nd6 24. f4 Bg4 25. Bxg4 hxg4 26. fxe5 fxe5 27. Bg5+ Ke6 28.
Rf1 Rg8 29. Kd3 Bd8 30. Nc4 Nxc4 31. Kxc4 Be7 32. b4 axb4 33. Bxe7 Kxe7 34. cxb4
Rd8 35. a5 Rd4+ 36. Kb3 c5 37. a6 Rxb4+ 38. Ka3 Rb5 39. Ra1 c4 40. Ra2 Ra5+ 41.
Kb2 c3+ 42. Kb3 c2 43. Rxc2 Rxa6 44. Rc6 Kf7 45. Rc7+ Kf6 46. Rc6+ Kf7 47. Rc7+
Kf6 48. Rc6+ Kf7 1/2-1/2

[Event "FTX Crypto Cup Prelim"]
[Site "chess24.com INT"]
[Date "2021.05.23"]
[Round "5.6"]
[White "Pichot, Alan"]
[Black "Carlsen, Magnus"]
[Result "1/2-1/2"]
[WhiteTitle "GM"]
[BlackTitle "GM"]
[WhiteElo "2630"]
[BlackElo "2847"]
[WhiteFideId "110973"]
[BlackFideId "1503014"]
[EventDate "2021.05.23"]

1. e4 c6 2. Nf3 d5 3. d3 Qc7 4. exd5 cxd5 5. c4 Nf6 6. Nc3 e6 7. g3 a6 8. Bg2
dxc4 9. Bf4 Bd6 10. Bxd6 Qxd6 11. dxc4 Qc7 12. Qe2 O-O 13. O-O b6 14. Ne5 Bb7
15. Bxb7 Qxb7 16. Rfd1 Nbd7 17. Nxd7 Nxd7 18. Rd4 Rad8 19. Rad1 Qc7 20. b4 h6
21. a3 Nf6 22. Rxd8 Rxd8 23. Rxd8+ Qxd8 24. Ne4 Nd7 25. c5 Qa8 26. Qc2 Qc6 27.
Qe2 bxc5 28. Nxc5 Nxc5 29. bxc5 f6 30. Qd3 Kf7 31. h4 a5 32. Qc3 a4 33. Qd4 Ke7
34. Qg4 g5 35. hxg5 hxg5 36. Qc4 e5 37. Qc2 Kd7 38. Qf5+ Kc7 39. Qh7+ Qd7 40.
Qh8 Qd1+ 41. Kg2 Qd5+ 42. Kg1 Qf3 43. Qf8 Qd1+ 44. Kh2 Qd8 45. Qf7+ Kc6 46. Qa7
Qd4 47. Qb6+ Kd7 48. Qb7+ Ke6 49. Qc6+ Ke7 50. Qb7+ Ke6 51. Qc6+ Kf5 52. Kg2 g4
53. Qc8+ Kg6 54. c6 Qd5+ 55. Kg1 Qd1+ 56. Kh2 Qd4 57. Qg8+ Kh6 58. Qf8+ Kg6 59.
Qg8+ Kh6 60. Qf8+ Kg6 61. Qg8+ 1/2-1/2

[Event "FTX Crypto Cup Prelim"]
[Site "chess24.com INT"]
[Date "2021.05.23"]
[Round "5.8"]
[White "Ding, Liren"]
[Black "Grischuk, Alexander"]
[Result "1-0"]
[WhiteTitle "GM"]
[BlackTitle "GM"]
[WhiteElo "2799"]
[BlackElo "2776"]
[WhiteFideId "8603677"]
[BlackFideId "4126025"]
[EventDate "2021.05.23"]

1. d4 d5 2. c4 e6 3. Nc3 c5 4. cxd5 cxd4 5. Qa4+ Bd7 6. Qxd4 exd5 7. Qxd5 Nf6 8.
Qd1 Bc5 9. Nf3 O-O 10. e3 Nc6 11. Be2 Qe7 12. O-O Rfd8 13. Qb3 Bf5 14. Bd2 a6
15. Na4 Be6 16. Qc2 Ba7 17. Rfd1 Rac8 18. Nc3 Nb4 19. Qb1 g6 20. Ne4 Nc2 21.
Nxf6+ Qxf6 22. Bc3 Rxc3 23. bxc3 Nxa1 24. Qxa1 Rc8 25. Nd4 Bd5 26. Bf1 h5 27.
Qb2 h4 28. c4 Be4 29. Rd2 h3 30. Ne2 Qe7 31. gxh3 Bb8 32. Ng3 Be5 33. Qb3 Bc6
34. Bg2 Bxg2 35. Kxg2 Qc7 36. Rd5 Bg7 37. h4 Qc6 38. h5 Be5 39. hxg6 fxg6 40.
Qd3 Kh7 41. Qe4 Bg7 42. c5 Re8 43. Rh5+ Kg8 44. Qxc6 bxc6 45. Rh4 1-0